Malayalapperuma/ (Record no. 181999)

000 -LEADER
fixed length control field 00375nam a22001457a 4500
020 ## - INTERNATIONAL STANDARD BOOK NUMBER
ISBN 9788119443376
082 ## - DEWEY DECIMAL CLASSIFICATION NUMBER
Classification number M 494.812
Item number REG/M
100 ## - MAIN ENTRY--AUTHOR NAME
Personal name Reghunathan Nair A.B.
245 ## - TITLE STATEMENT
Title Malayalapperuma/
Statement of responsibility, etc by Reghunathan Nair A.B.
260 ## - PUBLICATION, DISTRIBUTION, ETC. (IMPRINT)
Place of publication Kozhikode:
Name of publisher Pavanatma Publishers,
Year of publication 2024.
300 ## - PHYSICAL DESCRIPTION
Number of Pages 331p.
650 ## - SUBJECT ADDED ENTRY--TOPICAL TERM
Topical Term Language Malayalam
650 ## - SUBJECT ADDED ENTRY--TOPICAL TERM
Topical Term Language
942 ## - ADDED ENTRY ELEMENTS (KOHA)
Koha item type Book
Holdings
Withdrawn status Lost status Damaged status Not for loan Permanent Location Current Location Shelving location Date acquired Cost, normal purchase price Full call number Accession Number Price effective from Koha item type
        Sree Sankaracharya University of Sanskrit Sree Sankaracharya University of Sanskrit Stacks 03.06.2026 660.00 M 494.812 REG/M 109005 03.06.2026 Book